Pays du Groupe B - QCM Euro 2024 - Statistiques

Statistiques générales
  • Ce quiz a été pris 93 fois
  • Le résultat moyen est 9 sur 15
Statistiques - réponses
Question Réponse % Correct
Lequel est le tenant du titre ? Italie
100%
Lequel est surnommé la Squadra Azzura ? Italie
100%
Lequel a un entraîneur étranger ? Albanie
67%
Lequel a un aigle sur son drapeau ? Albanie
67%
Lequel est allé le plus loin lors du Mondial 2022 ? Croatie
67%
Lequel évolue avec un maillot à damiers ? Croatie
67%
Lequel avait ses joueurs qui évoluait pour la Yougoslavie ? Croatie
67%
Lequel est le dernier à avoir remporté la Coupe du Monde ? Espagne
67%
Lequel ne borde pas la mer Adriatique ? Espagne
67%
Lequel compte Joselu, Dani Carvajal et Robin Le Normand dans ses rangs ? Espagne
67%
Dans lequel évolue les équipes de la SPAL, de l’Udinese ou encore de la Lazio ? Italie
67%
Lequel a deux petits pays enclavés sur son territoire ? Italie
67%
Lequel n’a pas participé au dernier Euro ? Albanie
33%
Lequel a Nike pour équipementier ? Croatie
33%
Lequel compte un ballon d’or dans ses rangs ? Croatie
0%
Aucun quiz correspondant
Distribution des résultats
% des personnes avec chaque résultat
Percentile par nombre de réponses
Votre historique - résultats
Vous n’avez pas pris ce quiz